Greek Deities (Minor and Major) Quiz Stats

 Plays Quiz not verified by Sporcle

Score 0/32 Timer 05:00
0 Plays Today
Deity Name % Correct
OlympianZeus
96.9%
UnderworldHades
93.8%
OlympianHermes
93.3%
OlympianHera
92.7%
OlympianAthena
92.7%
OlympianAres
92.7%
OlympianPoseidon
90.7%
OlympianDemeter
87.6%
OlympianAphrodite
87.6%
OlympianArtemis
84.5%
UnderworldPersephone
81.9%
OlympianApollo
81.9%
OlympianDionysus
79.3%
DeityNike
78.8%
Primordial DeityGaia
77.7%
TitanPrometheus
73.6%
Deity Name % Correct
TitanCronus
72.5%
DeityHestia
72.5%
OlympianHephaestus
72%
TitanAtlas
69.9%
Primordial DeityUranus
65.8%
DeityPan
63.7%
DeityEros
62.7%
TitanRhea
62.2%
DeityIris
59.6%
DeityNemesis
54.4%
DeityEris
53.4%
Primordial DeityChaos
50.3%
TitanLeto
45.6%
TitanOceanus
45.1%
DeityJanus
42.5%
TitanEpimetheus
35.2%

You're not logged in!

Compare scores with friends on all Sporcle quizzes.
OR
Log In

Show Comments

Extras

Created Jun 10, 2010ReportNominate
Tags:Mythology Quiz, deity, Greek

Top Quizzes Today


Score Distribution

Your Account Isn't Verified!

In order to create a playlist on Sporcle, you need to verify the email address you used during registration. Go to your Sporcle Settings to finish the process.

Report this User

Report this user for behavior that violates our Community Guidelines.

Details: